00446nam a2200169Ia 4500008004100000100001900041245007100060260001100131300002100142440001500163521000700178650002600185650001500211650001100226650002000237650001900257140626s9999 xx 000 0 und d aBansal, Kiron. aTrends in the news coverage of education in India /c Kiron.Bansal cc2013. a40 : 2, page 162 aMedia Asia aMC aCommunication trends. aEducation. aIndia. aMedia scenario. aNews coverage.